| 000 | 00553nam a2200205 i 4500 | ||
|---|---|---|---|
| 001 | 9238 | ||
| 003 | ES-MaACL | ||
| 005 | 20230906145632.0 | ||
| 007 | t| | ||
| 008 | 930526s1992 sp ||||1| spa d | ||
| 020 | _a84-01-38221-1 | ||
| 080 | _a86.0(82)-311.6"19" | ||
| 080 | _a86.0(82)(Posse,A.7 L.01) | ||
| 100 | 1 |
_aPosse, Abel. _993342 |
|
| 245 | 1 | 3 |
_aEl Largo atardecer del caminante / _cAbel Posse. |
| 250 | _a[1 ed.]. | ||
| 260 |
_aBarcelona : _bPlaza & Janés, _c1992. |
||
| 300 |
_a210 p. ; _c22 cm. |
||
| 852 |
_aES-MaACL _jL-16706 _bR.121479 |
||
| 999 |
_c9238 _d9238 |
||